000 00320nam a22001337a 4500
008 170831b xxu||||| |||| 00| 0 eng d
020 _a9781555705183
041 _aeng
080 _22ND
_a070
100 _a40
101 _aMED
245 _aFOUNDATIONS OF LIBRARY AND INFORMATION SCIENCE
_cRUBIN,R.E
942 _2udc
_cBK
999 _c25823
_d25823